000 01482nab a2200241 i 4500
001 768714001
003 CO-MdFUSB
005 20240626145112.0
008 240626t1995 us ||||| |||| 00| 0 eng d
040 _bspa
_cCO-MdFUSB
_dCO-MdFUSB
041 _aeng
100 _aMotte, Mary,
_eautor
245 1 _aDiversity and truth :
_ba missiological perspective
_c/ Mary Motte
520 _aEste artículo explora la relación entre diversidad y verdad desde una perspectiva misiológica. Esta cuestión se explora en la relación entre el cristianismo y otras tradiciones religiosas, y en la relación entre la fe y la cultura cristianas. Un cambio en la comprensión de la misión desde una preocupación primordial por edificar la comunidad cristiana a una preocupación primordial por la participación en la edificación del reino de Dios proporciona nuevos espacios para comprender aspectos de estas relaciones. Ambas áreas de estudio están generando principios y criterios emergentes que son útiles para discernir la relación entre verdad y diversidad.
546 _aTexto en inglés.
650 0 _aCristianismo y otras religiones
_91247
650 7 _aFe
_9531
650 7 _aAntropología cultural y social
_96714
650 7 _aAnálisis transcultural
_97076
773 0 _049486
_961121
_d Pasadena
_oR0893
_tMissiology:
_w(CO-MdFUSB)97
_gVolumen 23, (número 1, 1995) páginas: 85 - 90
_qpágina: 85
942 _cANA
945 _aCatherine Arias Álvarez - Practicante SENA
999 _c70367
_d70367